Desarrollo económico, proceso de urbanización y funciones metropolitanas en Centroamérica y Panamá

Tallennettuna:
Bibliografiset tiedot
Aineistotyyppi: Teksti
Julkaistu: Ciudad Universitaria Rodrigo Facio: CSUCA
Tagit: Lisää tagi
Ei tageja, Lisää ensimmäinen tagi!

MARC

LEADER 00000 a a2200000 04500
001 16405
003
040
090 |a EXTRAVIADO  
245 |a Desarrollo económico, proceso de urbanización y funciones metropolitanas en Centroamérica y Panamá  
260 |a Ciudad Universitaria Rodrigo Facio:   |b CSUCA  
300 |a 271 p.  
999 |c 10009  |d 10009